Gaming Quiz

Random Gaming or Board Games Quiz

Fallout 3 Weapons Quiz Stats

 Plays Quiz not verified by Sporcle

Challenge
Share
Tweet
Embed
Score 0/134 Timer 15:00
0 Plays Today
Weapon Type Weapon Name % Correct
Big GunsMinigun
73.6%
Big GunsFat Man
73.6%
Energy WeaponsPlasma Rifle
70%
Energy WeaponsLaser Rifle
69.1%
Energy WeaponsLaser Pistol
68.2%
Energy WeaponsPlasma Pistol
67.2%
Small Gun10mm Pistol
66.5%
Energy WeaponsAlien Blaster
63.9%
ExplosiveFrag Grenade
63.1%
Big GunsFlamer
61.8%
Big GunsMissile Launcher
60.9%
ExplosiveFrag Mine
60%
Small GunAssault Rifle
59.4%
Small GunChinese Assault Rifle
58.7%
Melee WeaponsBaseball Bat
56.8%
ExplosivePlasma Grenade
56.6%
Small GunHunting Rifle
56.2%
ExplosivePlasma Mine
55.3%
ExplosivePulse Grenade
54.6%
ExplosivePulse Mine
53.3%
Custom WeaponsRock-It Launcher
51.6%
Small GunCombat Shotgun
51.2%
Small GunSniper Rifle
51.2%
Custom WeaponsBottlecap Mine
51.2%
Melee WeaponsKnife
51%
Small GunChinese Pistol
48.6%
Melee WeaponsCombat Knife
47.3%
Unarmed WeaponBrass Knuckles
46.9%
Big GunsExperimental MIRV
46.2%
Custom WeaponsDeathclaw Gauntlet
46%
Melee WeaponsSledgehammer
45.8%
Small Gun.32 Pistol
44.9%
Melee WeaponsSuper Sledge
44.3%
Unarmed WeaponPower Fist
44.1%
Big GunsEugene
44.1%
Melee WeaponsChinese Officer's Sword
43.9%
Custom WeaponsShishkebab
43.9%
Custom WeaponsDart Gun
43.8%
Big GunsTesla Cannon
43.6%
Big GunsMiss Launcher
43.4%
Custom WeaponsNuka Grenade
43%
Custom WeaponsRailway Rifle
42.8%
Small Gun10mm Submachine Gun
42.5%
Unarmed WeaponSpiked Knuckles
40.6%
Small GunGauss Rifle
40.6%
Weapon Type Weapon Name % Correct
Small GunSawed Off Shotgun
40%
Melee WeaponsRipper
38.5%
Melee WeaponsPolice Baton
38.2%
Energy WeaponsWazer Wifle
37.4%
Small GunThe Terrible Shotgun
37.2%
Small GunScoped .44 Magnum
36.9%
Melee WeaponsPool Cue
36.7%
Melee WeaponsNail Board
36.5%
Melee WeaponsTire Iron
36.3%
Small GunLincoln's Repeater
36.3%
Melee WeaponsLead Pipe
36.1%
Big GunsGattling Laser
35.6%
Melee WeaponsAuto Axe
35.6%
Melee WeaponsSwitchblade
34.3%
Energy WeaponsFirelance
33.7%
Small GunDouble Barrel Shotgun
33.1%
Small GunSilenced 10mm Pistol
33%
Big GunsVengeance
33%
Melee WeaponsAxe
33%
Big GunsDrone Cannon
32.4%
Small GunOl' Painless
32%
Unarmed WeaponFisto!
31.5%
Energy WeaponsCaptain's Sidearm
30.9%
Small GunVictory Rifle
30.5%
Big GunsHeavy Incinerator
30.5%
Small GunBlackhawk
30.2%
Energy WeaponsTri-Beam Laser Rifle
30%
Melee WeaponsShovel
29.8%
Small GunThe Kneecapper
29.1%
Melee WeaponsMan Opener
29.1%
Small GunBB Gun
28.9%
Energy WeaponsCol. Autumn's Laser Pistol
28.9%
Big GunsSlo Burn Flamer
28.9%
Melee WeaponsTrench Knife
28.9%
Melee WeaponsFawkes' Super Sledge
28.5%
Small GunReservist's Rifle
28.5%
Melee WeaponsBoard of Education
27.9%
Small GunLever Action Rifle
27.9%
Small GunXuanlong
27.7%
Melee WeaponsJack
27.6%
Melee WeaponsJingwei's Shock Sword
27%
Energy WeaponsA3-21's Plasma Rifle
26.8%
Small GunInfiltrator
26.6%
Melee WeaponsRolling Pin
26.4%
Melee WeaponsButch's Toothpick
26.3%
Weapon Type Weapon Name % Correct
ExplosiveCryo Mine
26.3%
Energy WeaponsProtectron's Gaze
26.1%
Small GunCol. Autumn's 10mm Pistol
26.1%
ExplosiveCryo Grenade
26.1%
Melee WeaponsVampire's Edge
25.9%
Unarmed WeaponSteel Knuckles
25.7%
Big GunsBurnmaster
25.5%
Energy WeaponsAlien Atomizer
25.3%
Small GunBackwater Rifle
24.8%
Melee WeaponsOccams Razor
24.6%
Melee WeaponsHighwayman's Friend
24.6%
Energy WeaponsMetal Blaster
24.4%
Melee WeaponsAnt's Sting
24.2%
Energy WeaponsAlien Disintegrator
24.2%
Melee WeaponsThe Break
23.8%
Energy WeaponsMesmetron
23.6%
Melee WeaponsThe Tenderizer
23.6%
Small GunWild Bill's Sidearm
23.5%
Melee WeaponsToy Knife
23.5%
Melee WeaponsStabhappy
23.3%
Energy WeaponsMicrowave Emitter
23.1%
Unarmed WeaponThe Shocker
22.7%
Big GunsDrone Cannon Ex-B
22.3%
Melee WeaponsShock Baton
22.3%
Big GunsRapid Torch Flamer
21.6%
Unarmed WeaponPlunkett's Valid Points
21.2%
Small GunThe Perferator
21%
Melee WeaponsFertilizer Shovel
21%
Melee WeaponsThe Mauler
20.9%
Melee WeaponsThe Dismemberer
20.9%
Big GunsPrecision Gattling Laser
20.5%
Melee WeaponsRitual Knife
20.5%
Small GunSydney's Ultra 10mm SMG
20.1%
Small GunPaulson's Revolver
19.9%
Melee WeaponsSteel Saw
19.2%
Small GunCallahan's Magnum
19%
Energy WeaponsMPLX Novasurge
18.6%
ExplosiveBio Gas Cannister
17.1%
Melee WeaponsSamurai's Sword
17.1%
Energy WeaponsAtomic Pulverizer
15.8%
Melee WeaponsRepellent Stick
15.6%
Small GunZhu Rong v418
14.9%
Melee WeaponsElectro-Suppressor
14%
Energy WeaponsDestablizer
13.4%

You're not logged in!

Compare scores with friends on all Sporcle quizzes.
Join for Free
OR
Log In

You Might Also Like...

Show Comments

Extras

Top Quizzes Today


Score Distribution

Your Account Isn't Verified!

In order to create a playlist on Sporcle, you need to verify the email address you used during registration. Go to your Sporcle Settings to finish the process.

Report this User

Report this user for behavior that violates our Community Guidelines.

Details: